000 00687nam a2200205Ii 4500
003 JO-AjNU
008 230605s9999||||xx |||||||||||||| ||und||
040 _aJO-AjNU
_bara
_erda
_cJO-AjNU
041 _aara
050 1 4 _aDS38.D55 1981
100 3 _aضرار، ضرار صالح,
_eauthor
_98972
245 0 0 _aالعرب من معين الى الأمويين
250 _aط5
264 3 1 _aالخرطوم: الدار السودانية للكتب، 1981
300 _a159ص
336 _atext
_btxt
_2rdacontent
337 _aunmediated
_bn
_2rdamedia
338 _avolume
_bnc
_2rdacarrier
650 4 _aالخلفاء الراشدون-تاريخ، الامويين- تاريخ
_98973
999 _aA1060
_c4628
_d4628